| 000 | 00518nam a2200193Ia 4500 | ||
|---|---|---|---|
| 003 | OSt | ||
| 005 | 20250217152819.0 | ||
| 008 | 210210b1997 xxu||||| |||| 00| 0 eng d | ||
| 040 | _cAL | ||
| 041 | _aKannada | ||
| 082 | _aK894.1 KANP | ||
| 100 |
_aKANAKA (Ha Ma). _dಕನಕ (ಹಾ ಮ) _9200342 |
||
| 245 |
_aPapanashini. _bಪಾಪನಾಶಿನಿ |
||
| 260 |
_aPutturu _bKannada Prapancha Prakashana _c1997 |
||
| 300 | _aviii,60 | ||
| 690 |
_aKannada Poetry _9200343 |
||
| 906 | _a053949 | ||
| 942 |
_2ddc _cBK |
||
| 999 |
_c101917 _d101917 |
||